[Event "Istanbul Open 2017"]
[Site "Istanbul"]
[Date "2017.09.13"]
[Round "4"]
[White "Grigoriev, Armen"]
[Black "Gonullu, Muhammed Sinan"]
[Result "1-0"]
[WhiteElo "2143"]
[BlackElo "1747"]
[Annotator "TA"]
[PlyCount "99"]
[EventDate "2017.??.??"]
[EventType "swiss"]
[EventCountry "TUR"]
[SourceTitle "playchess.com"]
[Source "ChessBase"]
[SourceQuality "1"]

{[%evp 12,99,0,0,0,-4,5,-37,-46,-41,-38,-49,-33,-38,-25,-16,1,6,33,36,43,30,46,21,75,79,84,82,101,101,100,99,111,110,122,93,115,100,190,190,169,186,170,81,247,133,121,108,103,98,107,80,62,59,56,23,20,22,82,71,65,52,78,66,69,75,85,62,68,60,66,22,148,137,307,307,307,307,297,270,304,304,300,300,294,277,333,319,533,518]} 1. d4 g6 2. Nf3 Bg7 3. g3 c6 4. Bg2 Nf6 5. O-O O-O 6. Nc3 d5 7. Ne5 {LiveBook: 7 Games. D02: 1 d4 d5 2 Nf3 sidelines, including 2...Nf6 3 g3 and 2...Nf6 3 Bf4} Nfd7 8. f4 Nxe5 9. fxe5 {The position is equal.} f6 10. exf6 exf6 11. e3 $146 ({Predecessor:} 11. b4 f5 {0-1 (59) Heffalump (2543)-Bruckmann (2414) playchess.com INT 2008}) 11... a5 12. Ne2 Bg4 13. Qd3 Bxe2 14. Qxe2 Qe7 15. c4 dxc4 16. Qxc4+ Kh8 17. Bd2 Re8 (17... f5 $11 {remains equal.}) 18. e4 $36 {[%mdl 2048] White has strong initiative.} Nd7 19. Rad1 c5 20. d5 Ne5 21. Qb5 b6 22. Bh3 Qd6 23. Be3 Re7 24. Be6 Rxe6 (24... h5 $16) 25. dxe6 $18 Qxe6 26. Bf4 Nf7 27. Rfe1 (27. Bc7 $18 {is more deadly.}) 27... Ng5 $2 {[#]} (27... Ra7 $16 {might work better.}) 28. Bxg5 (28. Rd6 $1 $18 {[%cal Rd6e6]} Nh3+ 29. Kh1) 28... fxg5 $16 29. e5 Bxe5 {aiming for ...Bd4+.} 30. Qd7 Qxd7 31. Rxd7 Bxb2 {[%mdl 4096] Endgame KRR-KRB} 32. Rb1 Bd4+ 33. Kh1 {[%mdl 1024] White has compensation.} Rb8 34. a4 Bc3 (34... g4 $11 {keeps the balance.}) 35. Rbd1 Bd4 36. Re1 $1 g4 37. h3 gxh3 38. Kh2 Kg8 39. Kxh3 Bb2 40. Rc7 Bd4 41. Re6 {[#]} Kf8 (41... c4 $1 $11) 42. Rxh7 Bg7 $2 (42... c4 $16) 43. Rxg6 $18 Rb7 44. Rc6 Kg8 45. Rh4 Bd4 46. Rhh6 b5 47. axb5 Rxb5 48. Ra6 c4 49. Rhc6 Bc5 $2 (49... Rb8 {keeps fighting.} 50. Rxa5 c3) 50. Rc7 {Precision: White = 73%, Black = 33%.} 1-0

[Event "Istanbul Open 2017"]
[Site "Istanbul"]
[Date "2017.09.13"]
[Round "4"]
[White "Kocak, Can"]
[Black "Iyti, Basher"]
[Result "1-0"]
[WhiteElo "1971"]
[BlackElo "2303"]
[Annotator "TA"]
[PlyCount "153"]
[EventDate "2017.??.??"]
[EventType "swiss"]
[EventCountry "TUR"]
[SourceTitle "playchess.com"]
[Source "ChessBase"]
[SourceQuality "1"]

1. e4 {Program Activation Required} c6 2. d4 d5 3. e5 Bf5 4. Nf3 e6 5. Be2 Nd7 6. O-O c5 7. c4 {B12: Caro-Kann (Vorstoß-Variante)} Bxb1 8. Rxb1 Ne7 9. Be3 cxd4 10. Bxd4 dxc4 11. Bxc4 Nc6 12. Qe2 Be7 13. Rfd1 O-O 14. Qe4 Re8 $146 ({Vorgänger:} 14... Qc7 15. Bd3 g6 16. Rbc1 {1-0 (55) Vajda,S (2316)-Magyar,O (2343) Budapest 2001}) 15. Bb5 Qc7 16. Rbc1 Rec8 17. Rc3 a6 18. Ba4 Nf8 19. Rdc1 Qa5 20. Bxc6 bxc6 21. Rxc6 Rxc6 22. Qxc6 Qd5 23. Qxd5 exd5 24. Rc7 Ng6 25. Rd7 Rd8 26. Ra7 Rc8 27. g3 Rc6 28. Rd7 f6 29. Rxd5 Kf7 30. exf6 gxf6 31. Rh5 Kg7 32. Ng5 Nf8 33. Nf3 Ne6 34. Bc3 Kg6 35. Rd5 Bc5 36. Nh4+ Kf7 37. Rd7+ Ke8 38. Rxh7 Ng5 39. Rh8+ Kf7 40. Rd8 Nh3+ 41. Kg2 Nxf2 42. Kf3 Nh3 43. Nf5 Ng5+ 44. Kg4 Re6 45. h4 Ne4 46. Bd4 Bf8 47. Rd7+ Ke8 48. Rh7 Nd2 49. Kh5 Rc6 50. Kg6 Nf3 51. Bc3 Ne5+ 52. Bxe5 fxe5+ 53. Kh5 a5 54. g4 e4 55. g5 Rc5 56. Ng3 e3 57. Kg4 Bd6 58. Ne2 Rc2 59. Kf3 Rxb2 60. g6 Be5 61. h5 Kf8 62. Rf7+ Ke8 63. Rf5 Bg7 64. Rxa5 Bh6 65. Ra8+ Ke7 66. Rh8 Bg7 67. Rh7 Kf8 68. Kxe3 Rxa2 69. Nf4 Ra6 70. h6 Bb2 71. Rf7+ Ke8 72. Rb7 Bc1+ 73. Kf3 Bxf4 74. g7 Ra3+ 75. Kxf4 Ra4+ 76. Kg5 Ra5+ 77. Kg6 1-0

[Event "Istanbul Open 2017"]
[Site "Istanbul"]
[Date "2017.09.13"]
[Round "4"]
[White "Sahin, Handenur"]
[Black "Erden, Kadir"]
[Result "1/2-1/2"]
[WhiteElo "1962"]
[BlackElo "2283"]
[Annotator "TA"]
[PlyCount "67"]
[EventDate "2017.??.??"]
[EventType "swiss"]
[EventCountry "TUR"]
[SourceTitle "playchess.com"]
[Source "ChessBase"]
[SourceQuality "1"]

{[%evp 31,67,47,69,66,82,76,88,50,168,50,48,49,56,45,43,50,47,51,43,0,96,103,112,54,52,36,42,23,37,0,0,0,0,0,0,0,0,-17]} 1. e4 c5 2. c3 Nf6 3. e5 Nd5 4. d4 cxd4 5. Nf3 e6 6. cxd4 b6 7. Nc3 Nxc3 8. bxc3 Qc7 9. Bd2 Bb7 10. Bd3 d6 11. O-O Nd7 12. Ng5 dxe5 13. Qh5 g6 14. Qh3 Be7 15. Rae1 Bxg5 {B22: Sicilian: 2 c3} (15... Bd5 16. f4 Bxg5 17. fxg5 Bc4 18. Re4 Bxd3 19. Qxd3 O-O 20. Qh3 exd4 21. Rh4 h5 22. cxd4 f5 23. gxf6 Rxf6 {½-½ (87) Vajda,L (2569)-Vyskocil,N (2407) Pardubice 2014}) 16. Bxg5 f5 {LiveBook: 6 Games} 17. Qh6 $1 {[%cal Rh6g7] And now Qg7 would win.} Kf7 $1 {White is slightly better.} 18. Bb5 Rac8 $146 ({Find the theoretical novelty and annotate with similar games:} 18... Bc6 19. Bxc6 Qxc6 20. Rxe5 Nxe5 21. dxe5 Qc5 22. Rd1 Qxe5 23. Rd7+ {1-0 (36) Zakharov,A (2300)-Kadigrob,A Kaluga 1996}) 19. dxe5 Bc6 (19... Nxe5 $14 20. Bf4 Ng4 21. Bxc7 Nxh6) 20. Bf6 (20. Bxc6 $18 Qxc6 21. Re3) 20... Nxf6 $14 21. exf6 Kxf6 22. Qh4+ $1 Kf7 {[#]} 23. Rxe6 $1 {[%mdl 512]} Kxe6 24. Bc4+ Kd7 25. Rd1+ {[#]} Qd6 ({Don't go for} 25... Ke8 $2 26. Qf6 $18) (25... Bd5 $1 $11 26. Bxd5 (26. Rxd5+ Kc6 $17) 26... Rcd8 27. Bb7+ Ke6 28. Bd5+ Rxd5 29. Rxd5 Kxd5 30. Qd4+ Kc6 31. Qxh8 Qd6) 26. Rxd6+ $16 Kxd6 27. Qf4+ (27. Ba6 $16 Rcd8 28. Qf6+ Kc7 29. Qe5+ Kd7 30. Qg7+ Ke6 31. h3) 27... Kd7 $14 28. h3 {[%mdl 1024] White has compensation.} Rce8 29. Qd4+ Kc7 30. Ba6 Re1+ {The position is equal.} 31. Kh2 Rhe8 32. Qf4+ Kd7 33. Qd2+ Kc7 34. Qf4+ {Precision: White = 47%, Black = 61%.} 1/2-1/2

[Event "Istanbul Open 2017"]
[Site "Istanbul"]
[Date "2017.09.13"]
[Round "4"]
[White "Ozsakallioglu, Akin"]
[Black "Mohannad, Farhan"]
[Result "1/2-1/2"]
[WhiteElo "1893"]
[BlackElo "2264"]
[Annotator "TA"]
[PlyCount "101"]
[EventDate "2017.??.??"]
[EventType "swiss"]
[EventCountry "TUR"]
[SourceTitle "playchess.com"]
[Source "ChessBase"]
[SourceQuality "1"]

{[%evp 12,101,47,32,40,43,27,27,36,29,58,14,39,2,18,28,51,22,54,65,115,106,99,108,102,23,21,21,44,46,45,14,68,68,83,60,57,52,92,89,102,85,113,105,98,92,89,111,118,118,118,107,121,115,97,83,87,59,59,59,59,59,59,34,48,24,59,58,59,58,167,59,59,0,118,58,149,59,100,58,59,59,59,0,59,0,95,59,70,58,58,0]} 1. d4 g6 2. c4 Bg7 3. e4 d6 4. Nc3 Nf6 5. Be2 O-O 6. Be3 Na6 {E73: King's Indian: Averbakh Variation without 6...c5} (6... c5 7. dxc5 Qa5 8. Bd2 dxc5 9. e5 Ne8 10. f4 f6 11. Nd5 Qd8 12. Be3 Na6 13. Nf3 Bg4 14. Qb3 e6 15. Nc3 fxe5 16. fxe5 Bxf3 17. Bxf3 Bxe5 18. Qxb7 {½-½ (33) Iturrizaga Bonelli,E (2671)-Jones,G (2671) Dubai 2017}) 7. Qd2 {LiveBook: 9 Games} c5 8. d5 e6 9. dxe6 Bxe6 10. Nf3 $146 ({Find the theoretical novelty and annotate with similar games:} 10. Rd1 Qa5 11. Nf3 Ng4 12. Bf4 Ne5 13. Nxe5 dxe5 14. Bg5 f6 15. Be3 {1-0 (29) Nazarenus,M (1888)-Zunker,R (2227) Bad Zwesten 2002}) 10... Qb6 11. Rc1 Rfe8 12. Bg5 Nc7 13. O-O Bd7 14. Bd3 (14. e5 $5 dxe5 15. Bxf6 Bxf6 16. Qxd7 $14) 14... Bg4 15. Ne1 Nd7 16. h3 Be6 17. b3 Qa5 18. Nd5 (18. f4 $16) 18... Qxd2 $11 19. Bxd2 Bxd5 20. exd5 Ne5 21. Bc2 a5 (21... b5 $11) 22. a4 $14 b6 23. f4 Nd7 24. Nf3 f5 25. g4 fxg4 26. hxg4 Nf6 27. f5 Nxg4 28. fxg6 hxg6 29. Bxg6 Re2 {[#]} 30. Rce1 $1 {[%cal Re1e2]} Rxe1 31. Rxe1 Rf8 32. Kg2 {Re7 is the strong threat.} Ne5 33. Nxe5 Bxe5 34. Rf1 (34. Rh1 {is more complex.} Bd4 35. Be1 Rf6 36. Bh7+ Kf8 37. Bd3) 34... Rxf1 35. Kxf1 {[%mdl 4096] Endgame KBB-KBN} Kg7 36. Bh5 (36. Bc2 {keeps more tension.} Kf6 37. Ke2 Ke7 38. Kf3 Ne8 39. Kg4) 36... Kf6 37. Ke2 Na6 38. Kf3 Ke7 39. Ke4 Nb8 40. Bg4 Kd8 (40... Na6 $14) 41. Be6 (41. Bg5+ $18 Kc7 42. Kf5) 41... Na6 42. Bg4 (42. Bg5+ $14 Kc7 43. Ke3) 42... Kc7 {[#]} (42... Nb8 $1 $11) 43. Bd1 (43. Kf5 $1 $16) 43... Bh2 (43... Nb4 $14) 44. Bc3 ({White should try} 44. Kf5 $16) 44... Bg3 45. Bg4 Nb8 46. Bh3 Bh2 47. Bg4 Bg3 $1 48. Bh3 ({White should play} 48. Bf6 $14) 48... Bh4 (48... Bh2 $1 $11 {keeps the balance.}) 49. Kf4 Na6 50. Bg4 Nb4 51. Bxb4 {Precision: White = 38%, Black = 48%.} (51. Bf5 $14) 1/2-1/2

[Event "Istanbul Open 2017"]
[Site "Istanbul"]
[Date "2017.09.13"]
[Round "4"]
[White "Yaylali, Adnan Dogan"]
[Black "Erdogan, Anil Berk"]
[Result "0-1"]
[WhiteElo "1873"]
[BlackElo "2106"]
[Annotator "TA"]
[PlyCount "92"]
[EventDate "2017.??.??"]
[EventType "swiss"]
[EventCountry "TUR"]
[SourceTitle "playchess.com"]
[Source "ChessBase"]
[SourceQuality "1"]

{[%evp 26,92,36,7,32,26,60,34,56,54,53,37,37,29,54,46,105,71,81,44,69,0,0,0,77,50,132,133,145,62,92,4,104,38,55,0,0,0,11,14,16,0,0,0,63,0,0,-267,-260,-262,-262,-237,-122,-133,0,0,0,0,0,0,0,-1589,-1599,-1338,-1433,-1433,-1346,-1068,-1068]} 1. d4 Nf6 2. Nf3 c5 3. d5 e6 4. c4 exd5 5. cxd5 d6 6. e4 g6 7. Nc3 a6 8. a4 Bg4 9. Be2 Bxf3 10. Bxf3 Nbd7 11. O-O Bg7 12. Bf4 Qe7 13. h3 O-O 14. Re1 {LiveBook: 42 Games} Ne5 {A75: Modern Benoni: Classical: 9...a6 10 a4 Bg4} (14... Rab8 15. Be2 Ne8 16. Bf1 Nc7 17. Qd2 Rfc8 18. Bg3 Qf8 19. f4 b5 20. axb5 axb5 21. e5 b4 22. Ne4 dxe5 23. fxe5 Nxe5 {1-0 (38) Nyzhnyk,I (2635)-Cyborowski,L (2543) Legnica 2013}) 15. Be2 Nfd7 16. Bh2 {[#] f4 is the strong threat.} (16. Bg3 $5 {[%cal Rf2f4]}) 16... g5 {White is slightly better.} 17. a5 $146 ({Find the theoretical novelty and annotate with similar games:} 17. g3 Ng6 18. Bg4 Nde5 19. Bf5 c4 20. Rf1 Nd3 21. Qd2 Rab8 22. b3 {0-1 (48) Piccinini,S (1908)-Kaforos,D (2203) Fermo 2009}) 17... Ng6 18. Ra3 Rab8 19. Rb3 Bd4 20. Bg4 Nf6 (20... Be5 $14) 21. Bf5 Nh4 22. Qd2 h6 23. Kh1 (23. Rb6 $14 Be5 24. Bxe5 Qxe5 25. Bg4) 23... Rfe8 $11 24. Bg4 $1 Nxg4 (24... Bxc3 $11 25. Rxc3 Nxe4) 25. hxg4 $16 Be5 (25... b5 $14) 26. Bxe5 Qxe5 27. Re3 ({White should play} 27. Na4 $16) 27... Ng6 28. Rb6 (28. Ne2 $16) 28... Nf4 (28... Nf8 $11) 29. g3 (29. Kg1 $16) 29... Ng6 $1 $14 30. Ne2 ({White should try} 30. Qc2 $14) 30... Qe7 $11 {next ...Ne5 is good for Black.} 31. f4 gxf4 32. gxf4 Qh4+ 33. Kg2 (33. Kg1 $5 {[%cal Rb6d6]}) 33... Qxg4+ 34. Rg3 Qh4 (34... Qh5 $11 35. Qd3 (35. Nc3 Kh7 $11) 35... Kf8) 35. Rxd6 (35. e5 $1 $14) 35... Rxe4 {[#] Strongly threatening ...Rbe8.} 36. f5 $2 {[%mdl 8192]} (36. Qd3 $11 {and White has nothing to worry.} Rbe8 37. Re6 R4xe6 38. dxe6) 36... Rbe8 $19 37. Re6 fxe6 38. Rxg6+ Kh7 ({Better is} 38... Kf8 $19 39. fxe6 Rg4+ 40. Rxg4 Qxg4+ 41. Ng3 Ke7) 39. dxe6 $17 R8xe6 (39... Rg4+ $17 40. Rxg4 Qxg4+ 41. Ng3 Rg8) 40. Rxe6 $11 {aiming for Qd7+.} Rg4+ $1 41. Kf1 Qh1+ 42. Kf2 Qh2+ 43. Ke3 $2 {[%mdl 8192]} (43. Ke1 $11 Qh1+ 44. Kf2 Qh4+ 45. Kf1 Qh1+ 46. Kf2) 43... Qh3+ $19 {Black is clearly winning.} 44. Ng3 Qxg3+ 45. Ke2 Qh2+ 46. Kd1 Rd4 {Precision: White = 37%, Black = 35%.} 0-1

[Event "Istanbul Open 2017"]
[Site "Istanbul"]
[Date "2017.09.13"]
[Round "4"]
[White "Kocyigit, Buse Naz"]
[Black "Zeydan, Salih"]
[Result "1/2-1/2"]
[WhiteElo "1863"]
[BlackElo "2057"]
[Annotator "NA RC"]
[PlyCount "140"]
[EventDate "2017.??.??"]
[EventType "swiss"]
[EventCountry "TUR"]
[SourceTitle "playchess.com"]
[Source "ChessBase"]
[SourceQuality "1"]
[TimeControl "5400+30"]

{[%evp 12,137,10,7,32767,0,28,9,32767,3,0,-20,-4,0,0,0,-3,-25,-32,-30,-31,-58,-68,-34,-61,-66,-4,32767,32767,32767,32767,32767,32767,32767,32767,32767,32767,32767,32767,32767,32767,32767,32767,32767,32767,0,0,-19,-56,32767,32767,32767,32767,140,140,-27,-34,32767,32767,32767,32767,32767,189,32767,32767,0,8,0,41,0,0,0,5,0,0,0,4,0,0,0,0,0,11,0,0,0,32767,32767,32767,32767,32767,32767,32767,32767,32767,32767,32767,0,0,0,0,32767,32767,32767,32767,32767,32767,32767,0,0,80,0,0,0,32767,32767,32767,32767,32767,32767,32767,0,32767,32767,0,32767,32767,0]} 1. d4 {[%emt 0:00:30]} c5 {[%emt 0:02:00]} 2. e3 {[%emt 0:07:30]} Nf6 {[%emt 0:00:30]} 3. Nf3 {[%emt 0:00:30]} e6 {[%emt 0:00:30]} 4. Bd3 {[%emt 0:00:00]} d5 {[%emt 0:01:30]} 5. c3 {[%emt 0:00:00]} Nc6 {[%emt 0:01:30]} 6. Nbd2 {[%emt 0:00:30]} Bd6 {[%emt 0:01:30]} 7. O-O {[%emt 0:00:30]} O-O {[%emt 0:02:30]} 8. dxc5 {[%emt 0:03:30] LiveBook: 188 Games} Bxc5 {[%emt 0:00:30]} 9. e4 {[%emt 0:03:30]} Qc7 {[%emt 0:12:30]} 10. exd5 {[%emt 0:21:30]} Nxd5 {[%emt 0:04:30] D05: Damenbauernspiele (Colle-Aufbau)} 11. Qc2 {[%emt 0:03:30]} (11. Nb3 Be7 12. Nbd4 Nxd4 13. Nxd4 Rd8 14. Qe2 g6 15. Rd1 Nf4 16. Bxf4 Qxf4 17. g3 Qc7 18. Be4 {0-1 (47) Mansour,S (2249)-Karjakin,S (2786) Tromsoe 2014}) 11... h6 {[%emt 0:03:30]} 12. Re1 {[%emt 0:05:30]} Rd8 {[%emt 0:04:30]} 13. a3 $146 {[%emt 0:02:30]} ({Vorgänger:} 13. Ne4 Bb6 14. a4 a6 15. Bd2 e5 16. Ng3 {0-1 (23) Szczygiel,M (1711)-Slabicki,A (2019) Wroclaw 2007}) 13... b6 {[%emt 0:07:30]} 14. Bf1 {[%emt 0:10:30]} Bb7 {[%emt 0:12:30]} 15. b4 {[%emt 0:03:30]} Bd6 {[%emt 0:14:30]} 16. c4 {[%emt 0:01:30]} Nf6 {[%emt 0:00:30]} 17. Bb2 {[%emt 0:00:30]} Ng4 {[%emt 0:00:30]} 18. g3 {[%emt 0:00:30]} Be5 {[%emt 0:05:48]} (18... a5 $5 {[%cal Ra5b4]} 19. Bh3 Nce5 20. Nxe5 Nxe5 $17) 19. Bg2 {[%emt 0:00:30]} Nd4 {[%emt 0:00:30]} 20. Nxd4 {[%emt 0:02:30]} Bxd4 {[%emt 0:01:02]} 21. Bxd4 {[%emt 0:01:30]} Rxd4 {[%emt 0:01:09]} 22. Bxb7 {[%emt 0:00:30]} Qxb7 {[%emt 0:00:06]} 23. Nb3 {[%emt 0:00:30]} Rd7 {[%emt 0:02:35]} 24. c5 {[%emt 0:03:30]} Rc7 {[%emt 0:06:23]} 25. Rac1 {[%emt 0:00:30]} bxc5 {[%emt 0:00:27]} 26. Nxc5 {[%emt 0:00:30]} Qf3 {[%emt 0:00:54]} 27. Qe2 {[%emt 0:04:25]} Qf5 {[%emt 0:01:55]} 28. Qc2 {[%emt 0:00:30]} (28. Ne4 $5 {[%cal Rc1c7]} Rd7 29. Rc5 $11) 28... Qh5 {[%emt 0:00:30]} 29. f4 {[%emt 0:01:44]} a5 {[%emt 0:01:23]} 30. Qb2 {[%emt 0:00:30]} axb4 {[%emt 0:00:30]} 31. Nxe6 {[%emt 0:00:30]} Rc3 {[%emt 0:00:30]} 32. axb4 {[%emt 0:00:45]} Rac8 {[%emt 0:01:03]} 33. Nc5 $2 {[%emt 0:00:15]} (33. Rxc3 $18 Rxc3 34. Nxg7) 33... R8xc5 {[%emt 0:00:34]} 34. bxc5 {[%emt 0:01:37]} Qxc5+ {[%emt 0:00:02]} 35. Kh1 {[%emt 0:00:41]} Qd5+ {[%emt 1:47:15]} 36. Qg2 {[%emt 1:46:52]} Qd4 $2 {[%emt 0:00:30]} (36... Nf2+ $1 $11 {and Black is okay.} 37. Kg1 Nh3+ 38. Kh1 Nf2+ 39. Kg1 Nh3+ 40. Kh1 Nf2+) 37. Rxc3 {[%emt 0:00:30]} Nf2+ {[%emt 0:00:30] [#]} 38. Qxf2 $2 {[%emt 0:01:06]} (38. Kg1 $1 $18 Nd3+ 39. Kf1 Qxc3 40. Re8+ Kh7 41. Qe4+ g6 42. f5 gxf5 43. Qxf5+ Kg7 44. Qg4+ Kf6 45. Qf3+ Kg7 46. Qg4+ Kf6 47. Kg2) 38... Qxf2 {[%emt 0:00:08]} 39. Rce3 {[%emt 0:00:30]} h5 {[%emt 0:00:24]} 40. R3e2 {[%emt 0:00:11]} Qf3+ {[%emt 0:00:43]} 41. Kg1 {[%emt 0:00:00]} h4 {[%emt 0:00:47]} 42. Re3 {[%emt 0:00:31]} Qg4 {[%emt 0:00:27]} 43. Kg2 {[%emt 0:00:48]} Qf5 {[%emt 0:00:35]} 44. R3e2 {[%emt 0:01:01]} (44. Re5 $5 {[%cal Re5f5]} Qd7 45. Re7 Qc6+ 46. Kh3 $14) 44... g6 {[%emt 0:00:34]} 45. Re5 {[%emt 0:00:30]} Qc2+ {[%emt 0:00:22]} 46. R5e2 {[%emt 0:00:11]} Qc6+ {[%emt 0:00:40]} 47. Kg1 {[%emt 0:00:07]} Kg7 {[%emt 0:00:36]} 48. Re3 {[%emt 0:01:00]} Qc5 {[%emt 0:00:30]} 49. Kh1 {[%emt 0:00:30]} Qd5+ {[%emt 0:00:30]} 50. Kg1 {[%emt 0:00:30]} Qd4 {[%emt 0:00:30]} 51. Kh1 {[%emt 0:00:30]} Kh6 {[%emt 0:00:19]} 52. Re4 {[%emt 0:00:48]} Qc3 {[%emt 0:00:16]} 53. R4e3 {[%emt 0:00:12]} Qc6+ {[%emt 0:00:42]} 54. Kg1 {[%emt 0:00:07]} hxg3 {[%emt 0:00:43]} 55. hxg3 {[%emt 0:00:32]} Kh5 {[%emt 0:00:25]} 56. Kf2 {[%emt 1:54:58]} Kg4 {[%emt 0:00:30]} 57. R1e2 {[%emt 0:00:30]} Qh1 {[%emt 0:00:30]} 58. Re1 {[%emt 0:00:30]} Qh2+ {[%emt 0:00:30]} 59. Kf1 {[%emt 0:02:26]} Kh3 {[%emt 1:59:23]} 60. R1e2 {[%emt 0:00:35]} Qh1+ {[%emt 0:00:40]} 61. Kf2 {[%emt 0:00:30]} f6 {[%emt 0:00:17]} 62. Rf3 {[%emt 0:01:11]} Qg2+ {[%emt 0:00:34]} 63. Ke3 {[%emt 0:00:12]} Qg1+ {[%emt 0:00:06]} 64. Kd2 {[%emt 0:00:41]} Qd4+ {[%emt 0:00:23]} 65. Rd3 {[%emt 0:00:33]} Qb2+ {[%emt 0:00:19]} 66. Kd1 {[%emt 2:01:45]} Qb1+ {[%emt 2:01:40]} 67. Kd2 {[%emt 0:00:30]} Qb4+ {[%emt 0:00:30]} 68. Kd1 {[%emt 0:00:30]} Kg4 {[%emt 0:00:30]} 69. Kc2 $11 {[%emt 0:00:30]} Qc4+ {[%emt 0:00:30]} 70. Kd2 {[%emt 0:00:30]} Qb4+ {[%emt 0:00:30]} 1/2-1/2

[Event "Istanbul Open 2017"]
[Site "Istanbul"]
[Date "2017.09.13"]
[Round "4"]
[White "Aydogdu, Cagatay"]
[Black "Eren, Ataberk"]
[Result "0-1"]
[WhiteElo "1756"]
[BlackElo "2064"]
[Annotator "NA RC"]
[PlyCount "100"]
[EventDate "2017.??.??"]
[EventType "swiss"]
[EventCountry "TUR"]
[SourceTitle "playchess.com"]
[Source "ChessBase"]
[SourceQuality "1"]
[TimeControl "5400+30"]

{[%evp 18,87,0,0,0,-5,13,14,4,11,18,-41,0,0,0,5,27,19,19,10,29,6,13,0,10,-32,0,-32,-6,-16,-13,-158,-152,-255,-287,-302,-168,-183,-188,-190,-127,-127,-93,-473,-437,-700,-166,-162,-166,-162,-178,-213,-62,-341,-402,-376,-460,-548,-548,-517,32767,32767,32767,32767,-514,-603,-616,-592,-668,-552,-644,-704]} 1. e4 {[%emt 0:00:00]} e6 {[%emt 0:00:00]} 2. d4 {[%emt 0:00:00]} d5 {[%emt 0:00:30]} 3. exd5 {[%emt 0:00:00]} exd5 {[%emt 0:00:30]} 4. Bd3 {[%emt 0:00:00]} Nc6 {[%emt 0:00:30]} 5. c3 {[%emt 0:00:30]} Bd6 {[%emt 0:00:30]} 6. Nf3 {[%emt 0:00:30]} Nge7 {[%emt 0:00:30]} 7. Bg5 {[%emt 0:00:30]} f6 {[%emt 0:00:30]} 8. Bh4 {[%emt 0:00:30] C01: Französische Verteidigung (Abtauschvariante)} Bg4 {[%emt 0:00:00]} (8... Bf5 9. Bg3 Bxg3 10. hxg3 Qd7 11. Nh4 Bxd3 12. Qxd3 Qe6+ 13. Qe2 Qxe2+ 14. Kxe2 Kf7 15. Nd2 h5 {0-1 (29) Robin,S (2347)-Buhmann,R (2565) France 2009}) 9. Nbd2 {[%emt 0:00:30]} Qd7 {[%emt 0:00:00]} 10. Bg3 {[%emt 0:00:30]} O-O-O {[%emt 0:01:30]} 11. Qc2 {[%emt 0:00:30]} Qe6+ {[%emt 0:00:30]} 12. Kf1 {[%emt 0:01:30]} h5 {[%emt 0:09:30]} 13. Re1 {[%emt 0:00:30]} Qd7 {[%emt 0:00:30]} 14. Nh4 $146 {[%emt 0:01:30]} ({Lieber Vorgänger:} 14. Bxd6 $11 cxd6 (14... Qxd6 15. h3 Bd7 {0-1 (48) Zubac,M (1991)-Dicu,R (2236) Arad 2016}) 15. h4) 14... g5 {[%emt 0:04:30]} 15. Bxd6 {[%emt 0:02:30]} cxd6 {[%emt 0:00:30]} 16. Ng6 {[%emt 0:01:30]} Rhe8 {[%emt 0:06:30]} 17. f3 {[%emt 0:06:30]} Bf5 {[%emt 0:02:30]} 18. Nxe7+ {[%emt 0:01:30]} Nxe7 {[%emt 0:00:00]} 19. Kf2 {[%emt 0:01:30]} Bxd3 {[%emt 0:02:00]} 20. Qxd3 {[%emt 0:00:30]} f5 {[%emt 0:00:30]} 21. Re2 {[%emt 0:03:00]} (21. f4 $5 {[%cal Rf4g5]}) 21... Ng6 {[%emt 0:03:30]} 22. g3 {[%emt 0:00:30]} Rxe2+ {[%emt 0:00:00]} 23. Qxe2 {[%emt 0:03:30]} Re8 {[%emt 0:01:00]} 24. Qd3 {[%emt 0:01:30]} (24. Qd1 $1 $15) 24... Qe6 {[%emt 0:00:30]} 25. Nb1 {[%emt 0:00:30]} (25. Rc1 $142 f4 26. Kg1) 25... f4 {[%emt 0:00:30]} 26. Na3 {[%emt 0:01:30]} g4 {[%emt 0:05:30]} 27. Nc2 {[%emt 0:02:30]} Rf8 {[%emt 0:04:30]} 28. Re1 {[%emt 0:02:30]} fxg3+ {[%emt 0:06:30]} 29. hxg3 {[%emt 0:01:30]} Qf6 {[%emt 0:00:00]} 30. Nb4 $2 {[%emt 0:02:30]} (30. f4 $17 {ist eine bessere Chance.}) 30... h4 {[%emt 0:01:00]} 31. Nxd5 {[%emt 0:01:30]} (31. f4 $142 hxg3+ 32. Qxg3 Nxf4 33. Qxg4+ Kb8 34. Ke3) 31... Qxf3+ $2 {[%emt 0:16:30]} (31... hxg3+ 32. Ke3 Qg5+ 33. f4 Nxf4 34. Qc4+ Kb8 35. Qc7+ Ka8 36. Nxf4 Qxf4+ 37. Kd3 g2) 32. Qxf3 {[%emt 0:00:30]} Rxf3+ {[%emt 0:00:30]} 33. Kg2 {[%emt 0:00:30]} Rxg3+ {[%emt 0:01:30]} 34. Kh2 {[%emt 0:00:00]} Rh3+ {[%emt 0:08:30]} (34... Rf3 $19 35. Re6 Nf4 36. Nxf4 Rxf4) 35. Kg2 $2 {[%emt 0:00:00]} (35. Kg1 $1 $15) 35... Rf3 {[%emt 0:04:30]} 36. Re8+ {[%emt 0:03:30]} Kd7 {[%emt 0:00:30]} 37. Rg8 {[%emt 0:00:30]} h3+ {[%emt 0:00:30]} 38. Kg1 {[%emt 0:00:30]} g3 {[%emt 0:00:30]} 39. Rxg6 {[%emt 0:00:30]} h2+ {[%emt 0:00:30]} 40. Kg2 {[%emt 0:00:30]} Rf2+ {[%emt 1:32:43]} 41. Kxg3 {[%emt 0:58:30]} h1=Q {[%emt 0:00:30]} 42. Rg7+ {[%emt 0:00:30] [#]} Rf7 $1 {[%emt 0:00:30]} 43. Rxf7+ {[%emt 0:00:30]} Ke6 {[%emt 0:00:30]} 44. Rxb7 $19 {[%emt 0:00:30]} Kxd5 {[%emt 0:00:30]} 45. Rxa7 {[%emt 0:00:30]} Qe1+ {[%emt 0:00:30]} 46. Kf4 {[%emt 0:00:30]} Qf2+ {[%emt 0:00:30]} 47. Kg5 {[%emt 0:00:30]} Qxb2 {[%emt 0:00:30]} 48. Ra5+ {[%emt 0:00:30]} Ke4 {[%emt 0:00:30]} 49. Rf5 {[%emt 0:01:30]} Qxa2 {[%emt 0:01:27]} 50. d5 {[%emt 0:01:30]} Qd2+ {[%emt 0:00:16]} 0-1